Central Library OPAC University of Rajshahi

Afghanistan : (Record no. 64973)

MARC details
000 -LEADER
fixed length control field 00818nam a2200253 a 4500
001 - CONTROL NUMBER
control field 64973
003 - CONTROL NUMBER IDENTIFIER
rucl marc code BD-RjUL
005 - DATE AND TIME OF LATEST TRANSACTION
control field 20211209081355.0
008 - FIXED-LENGTH DATA ELEMENTS--GENERAL INFORMATION
fixed length control field 170225s1967 enkab b 001 0 eng
035 ## - SYSTEM CONTROL NUMBER
System control number (BD-RjUL)65103
040 ## - CATALOGING SOURCE
Original cataloging agency DLC
Transcribing agency FIN
Modifying agency BD-RjUL
Language of cataloging eng
041 ## - LANGUAGE CODE
Language code of text/sound track or separate title eng
082 0# - DEWEY DECIMAL CLASSIFICATION NUMBER
Classification number 958.1
Edition number 23
Author mark and year FRA 1967
100 1# - MAIN ENTRY--PERSONAL NAME
Personal name Fraser-Tytler, William Kerr,
Dates associated with a name 1886-
9 (RLIN) 192629
245 10 - TITLE STATEMENT
Title Afghanistan :
Remainder of title a study of political developments in central and southern Asia /
Statement of responsibility, etc. by W.K. Fraser-Tytler.
250 ## - EDITION STATEMENT
Edition statement 3rd ed.
260 ## - PUBLICATION, DISTRIBUTION, ETC. (IMPRINT)
Place of publication, distribution, etc. London :
Name of publisher, distributor, etc. Oxford University Press,
Date of publication, distribution, etc. 1967.
300 ## - PHYSICAL DESCRIPTION
Pagination xvi, 362 p. :
Illustrations ill. ;
Size 23 cm.
504 ## - BIBLIOGRAPHY, ETC. NOTE
Bibliography, etc Includes bibliography and index.
651 #0 - SUBJECT ADDED ENTRY--GEOGRAPHIC NAME
Geographic name Afghanistan
General subdivision History.
9 (RLIN) 192630
700 1# - ADDED ENTRY--PERSONAL NAME
Personal name Gillett, Michael Cavenagh,
Dates associated with a name 1907-
942 ## - ADDED ENTRY ELEMENTS (KOHA)
Source of classification or shelving scheme Dewey Decimal Classification
Koha item type Books
Holdings
Lost status Source of classification or shelving scheme Damaged status Not for loan Collection code Permanent Location Current Location Shelving location Date acquired Source of acquisition Cost, normal purchase price Total Checkouts Full call number Date last seen Copy number Koha item type
  Dewey Decimal Classification   Not For Loan Non-fiction Central Library, University of Rajshahi Central Library, University of Rajshahi Reading Room 16/07/1971 N/A 0.00   958.1 FRA 1967 26/02/2017 C-1 Books